| 000 | 00541nam a2200205Ia 4500 | ||
|---|---|---|---|
| 005 | 20250923145306.0 | ||
| 008 | 008 250917s9999 xx 000 0 eng d | ||
| 037 | _aTextual | ||
| 040 |
_aDSWL _beng _cDSWL |
||
| 041 |
_aeng _2eng |
||
| 084 | _qDSWL | ||
| 100 |
_aKerr, Clark _9833748 |
||
| 245 | 0 |
_aIndustrialism and Industrial Man _c by Clark . Kerr |
|
| 260 |
_aCambridge _bHarvand University Press _c1960 |
||
| 300 | _a331 p. | ||
| 365 |
_aUSD _b6 . 0 |
||
| 925 | _g6 . 0 | ||
| 942 | _cTEXL | ||
| 999 |
_c1449553 _d1449553 |
||